Normal view MARC view

Entry Geographic Name

Number of records used in: 2

001 - CONTROL NUMBER

  • control field: 22890

003 - CONTROL NUMBER IDENTIFIER

  • control field: dpl

005 - DATE AND TIME OF LATEST TRANSACTION

  • control field: 20101005151553.0

008 - FIXED-LENGTH DATA ELEMENTS

  • fixed length control field: 101005|||a|||||| | ||| d

040 ## - CATALOGING SOURCE

  • Original cataloging agency: dpl
  • Transcribing agency: dpl

151 ## - HEADING--GEOGRAPHIC NAME

  • Geographic name: Bengal (India)
  • General subdivision: Economic conditions.

670 ## - SOURCE DATA FOUND

  • Source citation: Work cat.: (dpl)48023: 22405 Sarkar, Sumit, The Swadeshi Movement in Bengal, 1903-1908 /, 2010

670 ## - SOURCE DATA FOUND

  • Source citation: Work cat.: (dpl)48023: 22405 Sarkar, Sumit, The Swadeshi Movement in Bengal, 1903-1908 /, 2010

© Delhi Public Library
Hit Counter
free hit counter